|
|
|
|
| LEADER |
00000nam0a2200000 4500 |
| 001 |
28721 |
| 005 |
20231030202943.0 |
| 035 |
|
|
|a (RuTPU)RU\TPU\book\28978
|
| 035 |
|
|
|a BOOK00000703
|
| 090 |
|
|
|a 28721
|
| 100 |
|
|
|a 20011209d1991 k y0rusy50 ca
|
| 101 |
0 |
|
|a rus
|
| 102 |
|
|
|a RU
|
| 105 |
|
|
|a y dm 000zy
|
| 200 |
1 |
|
|a Идентификация частотных характеристик пьезоэлектрических фильтров временными методами
|e автореферат диссертации на соискание ученой степени кандидата технических наук
|f И. В. Шкуратов
|g Томский политехнический институт
|
| 210 |
|
|
|a Томск
|c [Б. и.]
|d 1991
|
| 215 |
|
|
|a 16 с.
|
| 610 |
1 |
|
|a фильтры
|
| 610 |
1 |
|
|a идентификация
|
| 610 |
1 |
|
|a частотные характеристики
|
| 610 |
1 |
|
|a временные методы
|
| 610 |
1 |
|
|a авторефераты диссертаций
|
| 610 |
1 |
|
|a технические системы
|
| 610 |
1 |
|
|a управление
|
| 675 |
|
|
|a 621.372.54(04)
|v 3
|
| 700 |
|
1 |
|a Шкуратов
|b И. В.
|g Игорь Викторович
|
| 712 |
0 |
2 |
|a Томский политехнический институт
|2 stltpush
|3 (RuTPU)RU\TPU\col\1123
|
| 801 |
|
0 |
|a RU
|b 63413507
|c 20011209
|g PSBO
|
| 801 |
|
2 |
|a RU
|b 63413507
|c 20040430
|g PSBO
|
| 942 |
|
|
|c BK
|